000 00428nam a22001577a 4500
005 20251108172302.0
008 250721s9999 xx 000 0 ara d
082 1 4 _aط/745.6/سمي
100 1 _aملوجي، سمير
245 1 0 _aالخط العربي /
246 1 1 _adrabic calligraphy
264 1 _aبيروت :
_bدار المثلث،
_c[19-].
650 1 7 _aالخط العربي
942 _2ddc
_cBK
999 _c75155
_d75155